000 01163cam a22002174a 4500
005 20250605164007.0
008 250528s ||||||||||||||||||||||||d
035 _a15853
020 _a13159690
040 _aGR-AtMCL
_bgre
_dGR-AtMCL
_eAACR2
245 1 _aComputer Graphics / Second Edition
250 _a2nd
260 _bPrentice Hall International,
_c1994
300 _a652
520 _aPreface, A Survey of Computer Graphics, Overview of Graphics Systems, Output Primitives, Attributes of Output Primitives, Two-Dimensional Geometric Transformations, Two-Dimensional Viewing, Structures and Hierarchical Modeling, Graphical User Interfaces and Interactive Input Methods, Three-Dimensional Concepts, Three-Dimensional Object Presentations, Three-Dimensional Geometric and Modeling Transformations, Three-Dimensional Viewing, Visible-Surface Detection Methods, Illumination Models and Surface-Rendering Methods, Color Models and Color Applications, Computer Animation, Mathematics for Computer Graphics, Bibliography, Index.
700 1 _aBaker Pauline M.
_91869
700 1 _aHearn Donald
_91870
942 _cBK
999 _c1403
_d1403